000 00276nam a22001337a 4500
008 181218b xxu||||| |||| 00| 0 eng d
020 _a0716719231
041 _aeng
080 _a510
100 _a38
101 _aMAT
245 _aStatistics
_cJohn.L.P
942 _2udc
_cBK
999 _c53379
_d53379